Garth Brooks Friends in Low Places lyrics quiz - Statistics

General Stats
  • This quiz has been taken 174 times
  • The average score is 192 of 219
Answer Stats
lyric % Correct
I
100%
in
100%
a
99%
an
99%
And
99%
and
99%
my
98%
friends
97%
low
97%
on
97%
places
97%
The
97%
the
97%
got
96%
show
96%
To
96%
to
96%
all
94%
be
94%
boots
93%
I'll
93%
it
93%
roots,
93%
showed
93%
up
93%
you
93%
you,
93%
Blame
92%
I've
92%
OK
92%
tie
92%
affair
91%
beer
91%
black
91%
blues
91%
there
91%
Where
91%
whiskey
91%
your
91%
away
90%
last
90%
one
90%
ruin
90%
big
89%
chases
89%
drowns
89%
his
89%
know,
89%
thought
89%
we
89%
'Cause
88%
cause
88%
champagne
88%
down
88%
eyes
88%
glass
88%
of
88%
was
88%
fear
87%
not
87%
oasis
87%
I'm
86%
see
86%
you'd
86%
me
84%
saw
84%
took
84%
But
82%
then,
82%
then
82%
through
82%
When
82%
hear
81%
Honey,
80%
just
80%
Just
80%
may
80%
never
80%
slip
80%
social
80%
surprise
80%
you'll
80%
complain
79%
said,
79%
toasted
79%
graces
78%
Well,
77%
as
76%
been
74%
before
74%
don't
74%
door
74%
myself
73%
belong
72%
guess
72%
scene
72%
wrong,
72%
didn't
71%
mean
71%
Think
71%
high
69%
that
68%
That
68%
say
67%
ivory
66%
night
66%
tower
66%
good
64%
Oh,
64%
give
62%
hour
62%
right,
62%
Yeah,
61%
you're
61%
livin'
60%
Everything's
52%
Hey,
29%
No matching quizzes found
Score Distribution
Percent of People with Each Score
Percentile by Number Answered
Your Score History
You have not taken this quiz